| 000 | 00430nam a2200157 a 4500 | ||
|---|---|---|---|
| 999 |
_c3386 _d3386 |
||
| 001 | 3386 | ||
| 003 | CDMR | ||
| 005 | 20191023152950.0 | ||
| 008 | 130130s2001||||||||||||||||||||||||||||d | ||
| 040 |
_aCDMR _bcat _cCPC GIRONA |
||
| 100 | 1 |
_aCuéllar Bassols, Alexandre _92440 |
|
| 245 | 1 | 0 |
_aRàdio Olot _b: 50 anys (1951-2001) _cAlexandre Cuéllar Bassols |
| 260 |
_c2001 _bRàdio Olot _aOlot |
||
| 300 | _e+ 1 CD sonor | ||
| 942 |
_cMON _2udc |
||